00338nam a2200133Ia 45000030006000000080041000060400015000471000024000622450050000862500010001362600029001465460012001750050017001870STCL150530s9999 xx 000 0 und d aSTCLcSTCL aFindlay Shirras, G. aPoverty and kindred economic problem in India aThird bGoverment of Indiac1935 aEnglish20220125165503.0